000 00638cam a2200217 4500500
005 20260405002503.0
041 _afre
042 _adc
100 1 0 _aDenieuil, Marie
_eauthor
245 0 0 _aPourquoi gribouille-t-on sur des bouts de papierĀ ?
260 _c2017.
500 _a68
690 _aBachelard
690 _aDeleuze
690 _aDivergences
690 _aHegel
690 _aMarie Denieuil
690 _aPlaton
786 0 _nPhilosophie magazine | 111 | 7-8 | 2017-07-01 | p. 48-48 | 1951-1787
856 4 1 _uhttps://shs.cairn.info/magazine-philosophie-magazine-2017-7-8-page-48?lang=fr&redirect-ssocas=7080
999 _c2058127
_d2058127